| 000 | 00881nam a2200265Ia 4500 | ||
|---|---|---|---|
| 003 | OSt | ||
| 005 | 20220923224531.0 | ||
| 006 | a|||||r|||| 00| 0 | ||
| 007 | ta | ||
| 008 | 220922b |||||||| |||| 00| 0 hin d | ||
| 020 | _c65 | ||
| 024 | _a240,268 | ||
| 037 |
_b587, 23/03/2009, Vani Prakashan _cTextual |
||
| 040 |
_aARTS _cARTS _bhin |
||
| 041 |
_2hin _ahin |
||
| 082 | _aV28243.N5, M9 | ||
| 100 | _aपन्नालाल, मेहता | ||
| 245 | 0 | _aस्व - जीवनी | |
| 246 | _aSva - jīvanī | ||
| 260 |
_aजोधपुर _b राजस्थान राज्य संस्थापित _c1989 |
||
| 300 |
_a266पृ. _ccm. |
||
| 650 | _aविश्व-इतिहास | ||
| 942 |
_hV28243.N5, M9 _cTEXL _2CC |
||
| 999 |
_c372031 _d372031 |
||